| 000 | 01392nam a2200421 i 4500 | ||
|---|---|---|---|
| 001 | 27795 | ||
| 003 | KOSZ 005 | ||
| 005 | 20210112122252.0 | ||
| 008 | 020718s1977 pl a f |001 0 pol | ||
| 015 | _aUWD 1978/2145 | ||
| 035 | _a991018977089705066 | ||
| 035 | _a(PL-WaBN)b15141056-48omnis_nlop | ||
| 035 | _ab15141056 | ||
| 035 | _a(OCoLC)749593470 | ||
| 035 | _a(PL)b0000001514105 | ||
| 035 | _a(EXLNZ-48OMNIS_NETWORK)9910203120505606 | ||
| 040 |
_aWA N _cWA N _dKOSZ 005/HR |
||
| 041 | 0 | _apol | |
| 046 | _k1977 | ||
| 080 | _a667.6 | ||
| 245 | 0 | 0 |
_aNowoczesne metody malowania : _bpraca zbiorowa / _c[aut. Maria Ajdukiewicz et al.]. |
| 260 |
_aWarszawa : _bWydawnictwa Naukowo-Techniczne, _c1977. |
||
| 300 |
_a428 s. : _bil. tab. wykr. ; _c21 cm. |
||
| 336 |
_aTekst _btxt _2rdacontent |
||
| 337 |
_aBez urządzenia pośredniczącego _bn _2rdamedia |
||
| 338 |
_aWolumin _bnc _2rdacarrier |
||
| 380 | _aKsiążki | ||
| 388 | _a1901-2000 | ||
| 388 | _a1945-1989 | ||
| 504 | _aBibliogr. Indeks. | ||
| 650 | 7 |
_aMalowanie ochronne _2DBN |
|
| 658 | _aInżynieria i technika | ||
| 700 | 1 |
_aAjdukiewicz, Maria _c(nauki techniczne) _eAutor |
|
| 710 | 2 |
_aWydawnictwa Naukowo-Techniczne _4pbl |
|
| 856 |
_uhttp://koha.tu.koszalin.pl/cgi-bin/koha/opac-detail.pl?biblionumber=27795 _yKatalog online BPK |
||
| 942 |
_2UKD _cKS |
||
| 999 |
_c27795 _d27795 |
||